| 000 | 00647nam a22001937a 4500 | ||
|---|---|---|---|
| 003 | OSt | ||
| 005 | 20260129040909.0 | ||
| 008 | 260129b |||||||| |||| 00| 0 eng d | ||
| 020 | _a978-971-691-475-7. | ||
| 040 |
_aDWCL-Main lib _cOC |
||
| 082 |
_22nd edition _aFil. 332.7 Au941f 2006 |
||
| 100 | _aAustria, Salvador E. | ||
| 245 |
_aFundamentals of negotiable instruments law _cSalvador E. Austria |
||
| 260 |
_aQuezon City : _bCentral Book Supply Inc., _cc2006. |
||
| 300 |
_avi, 294 pages ; _c22 cm. |
||
| 650 | _a1. Negotiable instruments-Problems, exercises, etc. | ||
| 700 | _aTimotheo B. Aquino | ||
| 942 |
_2ddc _cBK - FIL _e2nd ed. _kFil. _n0 |
||
| 999 |
_c7958 _d7958 |
||